000 00796nam a2200253 a 4500
001 11669
003 BD-RjUL
005 20211208235149.0
008 140127s1959 njua b 000 0 eng d
035 _a(BD-RjUL)11718
040 _aBD-RjUL
_beng
_cBD-RjUL
_dBD-RjUL
041 _aeng
082 _222
_a576.5
_bCLA 1959
245 0 0 _aClassic papers in genetics /
_cedited by James A. Peters
260 _aEnglewood Cliffs N. J. :
_bPrentice-Hall,
_c1959 [reprinting 1962]
300 _avi, 282 p. :
_bill. ;
_c23 cm.
504 _aIncludes bibliography.
650 0 _aGenetics.
_936094
650 0 _aGenetics
_xHistory.
_935798
700 1 _aPeters, James A.
_d1922-1972.
_qArthur
_936095
830 0 _aPrentice-Hall biological science series
_9165387
942 _2ddc
_cBK
999 _c11669
_d11669